MARC details
| 000 -LEADER |
| fixed length control field |
01133cam a2200289Ia 4500 |
| 001 - CONTROL NUMBER |
| control field |
50649172 |
| 003 - CONTROL NUMBER IDENTIFIER |
| control field |
OCoLC |
| 005 - DATE AND TIME OF LATEST TRANSACTION |
| control field |
20220823144900.0 |
| 008 - FIXED-LENGTH DATA ELEMENTS--GENERAL INFORMATION |
| fixed length control field |
020923s2002 sp a j 000 0 spa d |
| 020 ## - INTERNATIONAL STANDARD BOOK NUMBER |
| International Standard Book Number |
8495123347 |
| 020 ## - INTERNATIONAL STANDARD BOOK NUMBER |
| International Standard Book Number |
9788495123343 |
| 040 ## - CATALOGING SOURCE |
| Original cataloging agency |
JQJ |
| Transcribing agency |
JQJ |
| Modifying agency |
PL# |
| -- |
JTH |
| 041 1# - LANGUAGE CODE |
| Language code of text/sound track or separate title |
spa |
| Language code of original |
por |
| 100 1# - MAIN ENTRY--PERSONAL NAME |
| Personal name |
Ballesteros Rey, Xose, |
| Dates associated with a name |
1950- |
| 240 10 - UNIFORM TITLE |
| Uniform title |
<a href="Coellino branco.">Coellino branco.</a> |
| Language of a work |
Spanish. |
| 245 13 - TITLE STATEMENT |
| Title |
El pequeno conejo blanco / |
| Statement of responsibility, etc. |
adaptacion de Xose Ballesteros a partir del cuento popular portugues ; ilustraciones de Oscar Villan. |
| 260 ## - PUBLICATION, DISTRIBUTION, ETC. (IMPRINT) |
| Place of publication, distribution, etc. |
Pontevedra : |
| Name of publisher, distributor, etc. |
Kalandraka, |
| Date of publication, distribution, etc. |
c2002. |
| 300 ## - PHYSICAL DESCRIPTION |
| Extent |
[28] p. : |
| Other physical details |
col. ill. ; |
| Dimensions |
23 cm. |
| 490 1# - SERIES STATEMENT |
| Series statement |
Coleccion Libros para sonar. |
| 520 ## - SUMMARY, ETC. |
| Summary, etc. |
One day, Little White Rabbit returns home to find a very unwelcome visitor has arrived. Who will help him get back into his house? This popular Portuguese folk tale will delight the kindergarten set. |
| 650 #0 - SUBJECT ADDED ENTRY--TOPICAL TERM |
| Topical term or geographic name as entry element |
Rabbits |
| Form subdivision |
Folklore |
| -- |
Juvenile literature. |
| 650 #7 - SUBJECT ADDED ENTRY--TOPICAL TERM |
| Topical term or geographic name as entry element |
Conejos |
| Form subdivision |
Folklore. |
| Source of heading or term |
bidex. |
| 655 #7 - INDEX TERM--GENRE/FORM |
| Genre/form data or focus term |
Spanish language materials. |
| Source of term |
local. |
| 700 1# - ADDED ENTRY--PERSONAL NAME |
| Personal name |
Villan, Oscar. |
| 830 #0 - SERIES ADDED ENTRY--UNIFORM TITLE |
| Uniform title |
Coleccion Libros para sonar. |
| 942 ## - ADDED ENTRY ELEMENTS (KOHA) |
| Koha item type |
Libro/Book |